Представление документа в формате MARC21

Поле Инд. ПП Название Значение
Тип записи a
Библиографический уровень m
001 Контрольный номер 956dffb999134124ab11e83c27e24896
005 Дата корректировки 20260608103043.6
040 a Служба первич. каталог. 10013504
b Код языка каталог. rus
e Правила каталог. PSBO
041 0_ a Код языка текста rus
084 a Индекс другой классификации/Индекс ББК доп.
090 a Полочн. индекс А181
x Авторский знак К 46
r Идентификатор организации 10013504
100 1_ a Автор Кичеев В.Е.
245 10 a Заглавие К вопросу оптимизации некоторых геометрических параметров статистически определимых ферм
b Продолж. заглавия автореферат диссертации ... кандидата технических наук : специальность 05.212 - Строительная механика и прочность летательных аппаратов
c Ответственность науч. рук. В.В. Крылов; Казанский авиационный институт им. А.Н.Туполева
260 a Место издания Казань
c Дата издания 1973
300 a Объем 14 с.
b Иллюстрации/ тип воспроизводства ил., табл.
653 0_ a Ключевые слова АВТОРЕФЕРАТЫ
700 12 a Другие авторы Крылов В.В.
e Роль лиц Научный руководитель
901 t Тип документа r
952 a Тип литературы для КСУ ВШ БАНР
d Специальность 05.212 Строительная механика и прочность летательных аппаратов
c Вид литературы автореферат